Amatevi di tenerezza voi che vi amate (Record n. 217936)

Dettagli MARC
000 -LEADER
fixed length control field 01300nam a2200205Ia 4500
001 - CONTROL NUMBER
control field a1310-30319
003 - CONTROL NUMBER IDENTIFIER
control field IT-MiCISF
008 - FIXED-LENGTH DATA ELEMENTS--GENERAL INFORMATION
fixed length control field 161014s9999||||xx |||||||||||||| ||und||
040 ## - CATALOGING SOURCE
Original cataloging agency IT-MiCISF
Transcribing agency IT-MiCISF
041 ## - LANGUAGE CODE
Language code of text/sound track or separate title it
999 ## - SYSTEM CONTROL NUMBERS (KOHA)
Koha Dewey Subclass [OBSOLETE] si
100 ## - MAIN ENTRY--PERSONAL NAME
Personal name Fregni Gianfranco
245 #0 - TITLE STATEMENT
Title Amatevi di tenerezza voi che vi amate
Remainder of title Spiritualità familiare sulle orme dei Padri
250 ## - EDITION STATEMENT
Edition statement 1a ed.
260 ## - PUBLICATION, DISTRIBUTION, ETC. (IMPRINT)
Place of publication, distribution, etc. Cantalupa (TO)
Name of publisher, distributor, etc. Effatà
Date of publication, distribution, etc. 1999
300 ## - PHYSICAL DESCRIPTION
Extent pp. 119
500 ## - GENERAL NOTE
General note / pastorale-familiare, spiritualità-familiare, patristica / Questo piccolo volume può essere considerato una sorta di testamento spirituale dell'A., pioniere della pastorale familiare in Italia, prematuramente scomparso pochi giorni dopo aver consegnato il manoscritto. Intende offrire, quasi in pillole, alcuni detti dei Padri della Chiesa sul matrimonio e la famiglia, che difficilmente potrebbero essere rintracciati dai non specialisti, e che qui possono essere letti facilmente negli spazi disponibili nel corso della giornata. Se è vero che i Padri non indicano un modello cristiano di matrimonio e di famiglia, essi hanno comunque lasciato delle orme per il cammino spirituale valide per tutti, anche per gli sposati.
650 ## - SUBJECT ADDED ENTRY--TOPICAL TERM
Topical term or geographic name as entry element Temi di pastorale / pastorale-familiare
Relator term 012
942 ## - ADDED ENTRY ELEMENTS (KOHA)
Koha item type LIBRO
957 ## -
-- 1
999 ## - SYSTEM CONTROL NUMBERS (KOHA)
-- 1
Dati di copia
Withdrawn status Lost status Damaged status Not for loan Home library Current library Date acquired Total Checkouts Full call number Date last seen Price effective from Koha item type Public note
    Buone Condizioni Not For Loan CISF - Milano CISF - Milano 14/10/2016   a1310-30319 14/10/2016 14/10/2016 LIBRO Data import 15.10.2016 / by Epidotti, Vaglietti
CREDITS: SOCIETA' SAN PAOLO Via A.Severo, 58 - ROMA (RM) & PERIODICI SAN PAOLO SRL Via Giotto, 36 MILANO & CISF Via Giotto, 36 MILANO & EDIZIONI SAN PAOLO SRL,  Piazza Soncino, 5 CINISELLO BALSAMO (MI) -- ITALY